Daňovou políciou je Úrad daňového preverovania
Daňová polícia ako štandardná súčasť daňových správ vo väčšine štátov EÚ. Klasifikácia daňových orgánov podľa zákona o daňových orgánov. Výmena informácií medzi daňovými orgánmi. Úrad daňového preverovania na Slovensku. Činnosť daňovej polície. Postavenie orgánov činných v trestnom konaní.
Salvato in:
| Autore principale: | |
|---|---|
| Natura: | Capitolo di libro |
| Lingua: | slovacco |
| Soggetti: | |
| Tags: |
Nessun Tag, puoi essere il primo ad aggiungerne!!
|
MARC
| LEADER | 00000naa a2200000 4500 | ||
|---|---|---|---|
| 001 | r048376 | ||
| 005 | 20230919121559.1 | ||
| 041 | 0 | |a slo | |
| 044 | |a SK | ||
| 245 | 1 | 0 | |a Daňovou políciou je Úrad daňového preverovania |c Patrik Benčík |
| 520 | |a Daňová polícia ako štandardná súčasť daňových správ vo väčšine štátov EÚ. Klasifikácia daňových orgánov podľa zákona o daňových orgánov. Výmena informácií medzi daňovými orgánmi. Úrad daňového preverovania na Slovensku. Činnosť daňovej polície. Postavenie orgánov činných v trestnom konaní. | ||
| 610 | 2 | 0 | |a dane |
| 610 | 2 | 0 | |a polícia |
| 610 | 2 | 0 | |a kontrola daňová |
| 610 | 2 | 0 | |a Slovensko |
| 610 | 2 | 0 | |a Európska únia |
| 610 | 2 | 0 | |a orgány finančné |
| 610 | 2 | 0 | |a úrady daňové |
| 100 | 1 | |a Benčík, Patrik | |